000 00508nam a22001817a 4500
005 20151116120419.0
010 _aENG-113962
020 _c250.00
_a9789350450666
035 _aEN-97494
037 _bDBAD/PUB
_adpl
082 _a881
100 _aPanicker, P.K.N.
245 _aWithout borders /
_cby P.K.N. Panicker
260 _aCalcutta
_bWriters Workshop
_c2013
270 _a162/92, Lake Gardens,
_bCalcutta
_e700045
300 _a117p.
_c22cm(Hb)
942 _2ddc
_cEN
_mPAN
_h881
999 _c96597
_d96597